Lifeline earthquake engineering in the central and eastern U.S. : (Record no. 549920)
[ view plain ]
| 000 -LEADER | |
|---|---|
| fixed length control field | 01303cam a2200241 a 4500 |
| 020 ## - INTERNATIONAL STANDARD BOOK NUMBER | |
| International Standard Book Number | 0872629023 |
| 082 00 - DEWEY DECIMAL CLASSIFICATION NUMBER | |
| Classification number | 624.1762 |
| Author Mark | LIF |
| 245 10 - TITLE STATEMENT | |
| Title | Lifeline earthquake engineering in the central and eastern U.S. : |
| Remainder of title | proceedings of three sessions sponsored by the Technical Council on Lifeline Earthquake Engineering Research at the ASCE National Convention in New York, New York, September 1992 / |
| Statement of responsibility, etc. | edited by Donald B. Ballantyne. |
| 260 ## - PUBLICATION, DISTRIBUTION, ETC. | |
| Place of publication, distribution, etc. | New York : |
| Name of publisher, distributor, etc. | American Society of Civil Engineers, |
| Date of publication, distribution, etc. | c1992. |
| 300 ## - PHYSICAL DESCRIPTION | |
| Extent | v, 194 p. : |
| Other physical details | ill., maps ; |
| Dimensions | 22 cm. |
| 490 1# - SERIES STATEMENT | |
| Series statement | Monograph / Technical Council on Lifeline Earthquake Engineering ; |
| 500 ## - GENERAL NOTE | |
| General note | Includes bibliographical references and indexes. |
| 526 ## - STUDY PROGRAM INFORMATION NOTE | |
| Program name | 0 |
| Interest level | 0 |
| Reading level | 0 |
| Title point value | 624_176200000000000_LIF |
| 650 #0 - SUBJECT ADDED ENTRY--TOPICAL TERM | |
| Topical term or geographic name entry element | Lifeline earthquake engineering |
| Geographic subdivision | United States |
| General subdivision | Congresses. |
| 9 (RLIN) | 46636 |
| 650 #0 - SUBJECT ADDED ENTRY--TOPICAL TERM | |
| Topical term or geographic name entry element | MCE |
| 9 (RLIN) | 379 |
| 650 #0 - SUBJECT ADDED ENTRY--TOPICAL TERM | |
| Topical term or geographic name entry element | Pipelines |
| General subdivision | Earthquake effects |
| Geographic subdivision | United States |
| General subdivision | Congresses. |
| 9 (RLIN) | 46637 |
| 650 #0 - SUBJECT ADDED ENTRY--TOPICAL TERM | |
| Topical term or geographic name entry element | Public utilities |
| General subdivision | Earthquake effects |
| Geographic subdivision | United States |
| General subdivision | Congresses. |
| 9 (RLIN) | 46638 |
| 650 #0 - SUBJECT ADDED ENTRY--TOPICAL TERM | |
| Topical term or geographic name entry element | Transportation |
| General subdivision | Earthquake effects |
| Geographic subdivision | United States |
| General subdivision | Congresses. |
| 9 (RLIN) | 46639 |
| 650 #0 - SUBJECT ADDED ENTRY--TOPICAL TERM | |
| Topical term or geographic name entry element | Waterworks |
| General subdivision | Earthquake effects |
| Geographic subdivision | United States |
| General subdivision | Congresses. |
| 9 (RLIN) | 46640 |
| 700 1# - ADDED ENTRY--PERSONAL NAME | |
| Personal name | Ballantyne, Donald B. |
| 9 (RLIN) | 46641 |
| 710 2# - ADDED ENTRY--CORPORATE NAME | |
| Corporate name or jurisdiction name as entry element | American Society of Civil Engineers. |
| 9 (RLIN) | 702 |
| 942 ## - ADDED ENTRY ELEMENTS (KOHA) | |
| Source of classification or shelving scheme | |
| Koha item type | Book |
| Withdrawn status | Lost status | Source of classification or shelving scheme | Damaged status | Not for loan | Permanent Location | Current Location | Date acquired | Total Checkouts | Full call number | Barcode | Date last seen | Date last checked out | Price effective from | Koha item type |
|---|---|---|---|---|---|---|---|---|---|---|---|---|---|---|
| Military College of Engineering (MCE) | Military College of Engineering (MCE) | 10/16/2014 | 1 | 624.1762 LIF | MCE-43970 | 10/17/2014 | 10/17/2014 | 10/16/2014 | Book |
